The origin and evolution of atmospheres and oceans / (Record no. 10753)
[ view plain ]
| 000 -LEADER | |
|---|---|
| fixed length control field | 01058cam a2200289I 4500 |
| 001 - CONTROL NUMBER | |
| control field | 10753 |
| 003 - CONTROL NUMBER IDENTIFIER | |
| rucl marc code | BD-RjUL |
| 005 - DATE AND TIME OF LATEST TRANSACTION | |
| control field | 20211208235017.0 |
| 008 - FIXED-LENGTH DATA ELEMENTS--GENERAL INFORMATION | |
| fixed length control field | 140125s1964 nyua b 00110 eng |
| 035 ## - SYSTEM CONTROL NUMBER | |
| System control number | (BD-RjUL)10802 |
| 040 ## - CATALOGING SOURCE | |
| Original cataloging agency | DLC |
| Transcribing agency | WSU |
| Modifying agency | BD-RjUL |
| Language of cataloging | eng |
| 041 ## - LANGUAGE CODE | |
| Language code of text/sound track or separate title | eng |
| 082 00 - DEWEY DECIMAL CLASSIFICATION NUMBER | |
| Classification number | 523.4 |
| Author mark and year | ORI 1964 |
| 090 ## - LOCALLY ASSIGNED LC-TYPE CALL NUMBER (OCLC); LOCAL CALL NUMBER (OCLC) | |
| Classification number (OCLC) (R) ; Classification number, CALL (RLIN) (NR) | QB505 |
| Local cutter number (OCLC) ; Book number/undivided call number, CALL (RLIN) | F64 |
| 245 04 - TITLE STATEMENT | |
| Title | The origin and evolution of atmospheres and oceans / |
| Statement of responsibility, etc. | edited by Peter J. Brancazio [and] A. G. W. Cameron. |
| 260 ## - PUBLICATION, DISTRIBUTION, ETC. (IMPRINT) | |
| Place of publication, distribution, etc. | New York : |
| Name of publisher, distributor, etc. | Wiley, |
| Date of publication, distribution, etc. | c1964. |
| 300 ## - PHYSICAL DESCRIPTION | |
| Pagination | xii, 314 p. : |
| Illustrations | illus. ; |
| Size | 24 cm. |
| 500 ## - GENERAL NOTE | |
| General note | "Proceedings of a conference held at the Goddard Institute for Space Studies, National Aeronautics and Space Administration, New York, April 8-9, 1963." |
| 504 ## - BIBLIOGRAPHY, ETC. NOTE | |
| Bibliography, etc | Includes bibliographies and index. |
| 650 #0 - SUBJECT ADDED ENTRY--TOPICAL TERM | |
| Topical term or geographic name as entry element | Planets |
| General subdivision | Atmospheres. |
| 9 (RLIN) | 33004 |
| Topical term or geographic name as entry element | Ocean. |
| 9 (RLIN) | 33254 |
| 700 1# - ADDED ENTRY--PERSONAL NAME | |
| Personal name | Brancazio, Peter J. |
| Personal name | Cameron, A. G. W. |
| Fuller form of name | (Alastair Graham Walter), |
| Dates associated with a name | 1925- |
| 710 2# - ADDED ENTRY--CORPORATE NAME | |
| Corporate name or jurisdiction name as entry element | Goddard Institute for Space Studies. |
| 9 (RLIN) | 33257 |
| 942 ## - ADDED ENTRY ELEMENTS (KOHA) | |
| Source of classification or shelving scheme | Dewey Decimal Classification |
| Koha item type | Books |
| Lost status | Source of classification or shelving scheme | Damaged status | Not for loan | Collection code | Permanent Location | Current Location | Shelving location | Date acquired | Source of acquisition | Cost, normal purchase price | Total Checkouts | Full call number | Date last seen | Copy number | Koha item type |
|---|---|---|---|---|---|---|---|---|---|---|---|---|---|---|---|
| Dewey Decimal Classification | Not For Loan | Non-fiction | Central Library, University of Rajshahi | Central Library, University of Rajshahi | Reading Room | 31/08/1968 | Zeitlinger | 122.00 | 523.4 ORI 1964 | 25/01/2014 | C-1 | Books |